• 首页
  • 本馆介绍
  • 公告通知
  • 最新文献
  • 馆藏检索
  • 电子资源
  • 读者导购
  • 参考咨询
  • 我的图书馆
  • 登录
  • 详细信息显示
  • 放入我的书架
  • 预约/预借图书
  • 作者相关作品
  • 分类相关作品
  • 丛书相关作品
  • 出版社相关作品

书目信息

  • 表格格式
  • 工作单格式
  • 卡片格式
题名:
休特工程师手册
    
 
作者: 贝茨 著 ;张维 译
分册: 1   物理
出版信息: 北京   机械工业出版社  1984.6
页数: 687页
开本: 20cm
丛书名:
单 册:
中图分类: T-62
科图分类:
主题词: 工程技术人员--手册 , 工程技术手册
电子资源:
ISBN:
000 00680nam0 2200241 45
001 0312221749
005 20040923150343.0
010    @dCNY4.80
091    @a15033.5513
100    @a20031222d1984 km y0chiy0120 ea
101    @achi
105    @a z 000yy
200 1  @a休特工程师手册@i物理@h1@AXiu Te Gong Cheng Shi Shou Ce@f(联邦德国)A·贝茨著@F(Lian Bang De Guo)A·Bei Ci Zhu@g张维等译
210    @a北京@c机械工业出版社@d1984.6
215    @a687页@d20cm
517    @a物理@AWu Li
606 0  @a工程技术人员@x手册
606 0  @a工程技术手册
690    @aT-62@v3
701 0  @a贝茨@4著
702 0  @a张维@4译
801    @aCN@bTSTCL@c20031222
905    @dT-62@e45:1@f1@b132450
    
    休特工程师手册.物理.1/(联邦德国)A·贝茨著/张维等译.-北京:机械工业出版社,1984.6
    687页;20cm
    
    
    ISBN :CNY4.80
    
●
相关链接 在E读中查询图书 在五车中查询图书 在当当中查询图书 在豆瓣中查询图书


正题名:休特工程师手册     索取号:T-62/45:1         预约/预借

序号 登录号 条形码 馆藏地/架位号 状态 备注
1 0132450   000558408   工具书阅览室/ [索取号:T-62/45:1] 在馆    
2 0132451   000558391   第二样本阅览室/ [索取号:T-62/45:1] 在馆    
唐山师范学院图书馆 欢迎您!
大连网信软件有限公司© 版权所有